| 000 | 00772nam a2200205Ia 4500 | ||
|---|---|---|---|
| 999 |
_c38535 _d38535 |
||
| 001 | 4636 | ||
| 003 | GE_BSU | ||
| 005 | 20190514154522.0 | ||
| 008 | 181216s2002||||ge |||||||||||||| ||geo|| | ||
| 040 | _cGE_BSU | ||
| 041 | _ageo | ||
| 080 | _a621.396 ბ–52 | ||
| 100 |
_aბერიძე, ჯ _91118 |
||
| 245 | _aდისკრეტული შეტყობინების გადაცემა : ლექციების კონსპექტი | ||
| 264 |
_aთბილისი, _c2002. |
||
| 300 |
_a100 გვ. ; _c20 სმ. |
||
| 653 | _aდისკრეტული შეტყობინებები | ||
| 653 | _aდისკრეტული შეტყობინების გადაცემა | ||
| 942 |
_cBK _2udc |
||